000 00559nam a22001817a 4500
005 20231102104501.0
008 231102b |||||||| |||| 00| 0 eng d
020 _a070210826 ; 07021082708
041 _aEnglish
082 _a346.6 GIB
100 _aGibson, JTR
_lEnglish
245 _aSouth African Mercantile and Company Law /
_cJTR Gibson
250 _aFourth Edition
260 _aCape Town :
_bJuta and Company Limited,
_c1977
300 _bxxx, 625 pages ;
_c26 cm.
650 _aLegal practice
_bLaw
942 _cBK
_6ALISON_BN_VRIES
999 _c255
_d255